Countries within 500km of Monaco - Statistics

General Stats
  • This quiz has been taken 52 times
  • The average score is 10 of 10
Answers on the Map
Answers color-coded by a green-red scale on the quiz's map according to % correct below.
 
Answer Stats
Answer % Correct
France
100%
Andorra
98%
Austria
98%
Italy
98%
Spain
98%
Switzerland
98%
Germany
96%
San Marino
96%
Vatican City
96%
Liechtenstein
94%
No matching quizzes found
Score Distribution
Percent of People with Each Score
Percentile by Number Answered
Your Score History
You have not taken this quiz